Online
Catalog

Metodología pedagógica / : (Record no. 20460)

MARC details
000 -CABECERA
campo de control de longitud fija 00987nam a2200265 a 4500
001 - NÚMERO DE CONTROL
campo de control 000020957
005 - FECHA Y HORA DE LA ÚLTIMA TRANSACCIÓN
campo de control 20250520120032.0
008 - DATOS DE LONGITUD FIJA--INFORMACIÓN GENERAL
campo de control de longitud fija 100824s1970 ag r 000 0 spa d
040 ## - FUENTE DE LA CATALOGACIÓN
Centro catalogador/agencia de origen DO-SdBNP
Lengua de catalogación spa
Centro/agencia transcriptor BNPHU
041 17 - CÓDIGO DE LENGUA
Código de lengua del texto/banda sonora o título independiente spa
Código de lengua original eng
Fuente del código Código de idioma MARC
082 ## - NÚMERO DE LA CLASIFICACIÓN DECIMAL DEWEY
Número de clasificación 371.3
Número de documento/Ítem E23m
049 ## - FONDOS LOCALES (OCLC)
Fondos de biblioteca BNGR
100 1# - ENTRADA PRINCIPAL--NOMBRE DE PERSONA
Nombre de persona Edge, Findley B.,
Fechas asociadas al nombre 1916-2002
9 (RLIN) 43891
240 10 - TÍTULO UNIFORME
Título uniforme Helping the teacher.
Lenguaje de la obra Español.
245 10 - MENCIÓN DE TÍTULO
Título Metodología pedagógica / :
Resto del título Findley B. Edge ; traducción de Celia Mendoza y Sara P. Molina.
260 ## - PUBLICACIÓN, DISTRIBUCIÓN, ETC.
Lugar de publicación, distribución, etc. Buenos Aires, (Argentina) :
Nombre del editor, distribuidor, etc. Casa Bautista de Publicaciones,
Fecha de publicación, distribución, etc. 1970.
300 ## - DESCRIPCIÓN FÍSICA
Extensión 155 p. ;
Dimensiones 22 cm.
504 ## - NOTA DE BIBLIOGRAFÍA, ETC.
Nota de bibliografía, etc. Incluye referencias bibliográficas y notas al pie de las páginas.
534 ## - NOTA SOBRE LA VERSIÓN ORIGINAL
Frase introductoria Título original inglés:
Mención de título del original Helping the teacher.
650 #4 - PUNTO DE ACCESO ADICIONAL DE MATERIA--TÉRMINO DE MATERIA
Término de materia o nombre geográfico como elemento de entrada Metodología en pedagogía
9 (RLIN) 17525
650 #4 - PUNTO DE ACCESO ADICIONAL DE MATERIA--TÉRMINO DE MATERIA
Término de materia o nombre geográfico como elemento de entrada Metodos de enseñanzas
9 (RLIN) 43892
650 #0 - PUNTO DE ACCESO ADICIONAL DE MATERIA--TÉRMINO DE MATERIA
Término de materia o nombre geográfico como elemento de entrada Psicopedagogía
9 (RLIN) 1570
700 1# - PUNTO DE ACCESO ADICIONAL--NOMBRE DE PERSONA
Nombre de persona Mendoza, Celia,
Término indicativo de función/relación tr.
9 (RLIN) 43893
700 1# - PUNTO DE ACCESO ADICIONAL--NOMBRE DE PERSONA
Nombre de persona Molina, Sara P.
9 (RLIN) 43894
Holdings
Estado de retiro Estado de pérdida Restricciones de uso No para préstamo Código de colección Localización permanente Ubicación/localización actual Ubicación en estantería Fecha de adquisición Número de inventario Total de préstamos Signatura topográfica completa Código de barras Fecha visto por última vez Precio válido a partir de Tipo de ítem Koha
        Monografías: Libros y Folletos General General En catalogación 24.08.2010 LF1   371.3 E23m 20957-10 25.06.2020 25.06.2020 Préstamo en sala

Powered by Koha